00347nam a2200133 a 450008200130000010000180001324500470003126000350007830000090011350000350012250500200015765000180017770000180019500a221bSTA aStaack, Hagen aLiving Personalities of the Old Testament. aNew YorkbHarper and Rowc1952 a145p aincludes index and biblioraphy2 aIndex of Author aBible Stories1 aStaack, Hagen